في قلب الشرق : (Record no. 7441)
[ view plain ]
| 000 -الفاتح | |
|---|---|
| حقل البيانات ثابتة الطول | 00871nac a22001691u 4500 |
| 008 - عناصر البيانات ثابتة الطول - معلومات عامة | |
| حقل البيانات ثابتة الطول | 101005s2003 xxu||||| |||| 00| 0 ara d |
| 082 ## - رقم تصنيف ديوى العشرى | |
| رقم التصنيف | 142 |
| رقم المادة | ق ل ب |
| 110 ## - المدخل الرئيسى - إسم هيئة | |
| اسم الهيئة أو اسم السلطة كمدخل | Al MAgles Al Alaa Lel Thakafa |
| 9 (RLIN) | 20062 |
| 245 ## - بيان العنوان | |
| العنوان | في قلب الشرق : |
| بقية العنوان | قراءة معاصرة لأعمال لويس ماسينيون / |
| بيان المسئوليه,etc | ترجمة الأبحاث الفرنسية زينب محمود الخضيري ؛ مراجعة الأبحاث العربية حسن حنفى |
| 260 ## - PUBLICATION, DISTRIBUTION, ETC. (IMPRINT) | |
| مكان الناشر او الموزع | القاهرة : |
| اسم الناشر او الموزع | المجلس الأعلى للثقافة ،2003 |
| تاريخ النشر أو التوزيع | 2003. |
| 300 ## - الوصف المادى | |
| التعداد | 347 ص ؛ |
| تفاصيل ماديه اخرى للوعاء | ايض : |
| أبعاد الوعاء | 24 سم. |
| 504 ## - تبصرة ببليوجرافية | |
| تبصرة ببليوجرافية,الخ | ببليوجرافية ص 325-337 |
| 511 ## - | |
| -- | Catalogued by: Sara |
| 700 ## - المدخل الاضافى - اسم شخصى | |
| الإسم الشخصى | الخضيرى ، زينب محمود |
| 9 (RLIN) | 20069 |
| الدور | ترجمة الأبحاث الفرنسية |
| 710 ## - المدخل الاضافى - اسم هيئه | |
| اسم الهيئة أو اسم السلطة كمدخل | Al Markaz Al Ferensey Lel Thakafa Wa Al Taawon |
| 9 (RLIN) | 20068 |
| 942 ## - عناصر المدخل الإضافي( كوها) | |
| Koha [default] item type | Book - Borrowing |
| سابقة رقم الطلب | 142 ق ل ب |
| مصدر التصنيف او مخطط الترفيف | Dewey Decimal Classification |
| حالة التراجع | حالة الفقد | مصدر التصنيف او خطة الترفيف | حالة تلف | ليس للاعارة | مجموعات كوها | المكان الدائم | المكان الحالي | موقع الترفيف | تاريخ الاكتساب | Source of acquisition | رقم الاستدعاء | الباركود | Date last seen | نوع الوعاء |
|---|---|---|---|---|---|---|---|---|---|---|---|---|---|---|
| Dewey Decimal Classification | Alef-Baa | Central Library | Central Library | Lower Floor | 24/01/2008 | 142 ق ل ب | 000008885 | 15/07/2025 | Book - Borrowing |